000 00460nam a2200181Ia 4500
001 8035
005 20260306160539.0
008 260306t2013||||xx |||||||||||||| ||spa||
041 _aESP
082 _a370.1
_bC75 V. 5
100 _aChocano, Magdalena
_eAUT
245 0 _aEducación del ciudadano y disciplina social, 1821 - 1860
260 _c2013
300 _axxv, 262 páginas :
_c26 cm.
650 _aGEN
654 _aCED
942 _cLIB
_dJUS
_fJUS
_2ddc
_n
999 _c8035
_d8035